000 00568nam a22001697a 4500
005 20090304171234.0
008 090304t xxu||||| |||| 00| 0 eng d
022 _a0014-5564
037 _bDPL/PUB
245 _aFAI Abstract service
260 _aNew Delhi
_bThe Fertiliser Association of India
_c2009-
300 _av.
_c26 cm
310 _amonthly
270 _aFAI House, 10, Shaheed Jit Singh Marg
_bNew Delhi
_e11067
_k26567144
_mlib@faidelhi.org
942 _2ddc
_cSR
_s1
999 _c24822
_d24822